000
00229nam a2200097Ia 4500
001
714933
005
20250826162915.0
008
250824s9999 xx 000 0 und d
245
0
_a
YAZ
_c
KÜRŞAT BAŞAR
260
_b
EVEREST YAYINLARI
999
_c
714933
_d
714933